000
00304nam a2200169Ia 4500
650
_a
HTML
250
_a
2
942
_c
BK
366
_f
20
654
_a
HTML
245
_a
HTML 5 covers
260
_b
Dreamtech
_c
2016
082
_a
4.65
_b
HTM
300
_a
1219
546
_a
ENGLISH
999
_c
23800
_d
23800